000 00241nam a2200097Ia 4500
001 751351
005 20250826164643.0
008 250824s9999 xx 000 0 und d
245 0 _aBURSA MACERASI
_cASENA MERİÇ
260 _bYEDİVEREN YAYINLARI
999 _c751351
_d751351